000 01143cam a22002891 4500
001 gs 62000172
003 DLC
005 20260227111411.0
008 780921s1961 nmub b s000 0 eng c
010 _ags 62000172
035 _a(OCoLC)4243638
040 _aU.S. Geol. Survey. Libr.
_cTxEU
_dOCoLC
_dDLC
042 _apremarc
050 0 0 _aTN24.N6
_bA235 no. 57
100 1 _aFoster, Roy W.
245 1 0 _aPreliminary geologic and relief map of the Precambrian rocks of New Mexico,
_cby Roy W. Foster and Thomas F. Stipp.
260 _aSocorro,
_bState Bureau of Mines & Mineral Resources, New Mexico Institute of Mining & Technology,
_c1961.
300 _a37 p.
_bmap.
_c28 cm.
_aand fold. col. map (in envelope)
_c31 cm.
490 1 _aNew Mexico. Bureau of Mines and Mineral Resources. Circular
_v57
504 _aIncludes bibliography.
650 0 _aGeology
_zNew Mexico
_vMaps.
650 0 _aGeology, Stratigraphic
_yPrecambrian.
650 0 _aPetrology
_zNew Mexico.
650 0 _aBorings
_zNew Mexico.
700 1 _aStipp, Thomas F.,
_ejoint author.
830 0 _aCircular (New Mexico. Bureau of Mines and Mineral Resources) ;
_v57.
999 _c29612
_d29612